Thầy giáo Việt Nam 10 thế kỷ
Nội dung tài liệu trình bày về tiểu sử của những người thầy, nội dung được chia theo thời gian thành 2 phần: những người thầy từ thế kỷ 19 trở về trước và các thầy từ cuối thế kỷ 19 đến đầu thế kỷ 20...
Saved in:
| Main Author: | |
|---|---|
| Format: | Book |
| Language: | Undetermined |
| Published: |
Hà Nội
Văn hóa Thông tin
2007
|
| Subjects: | |
| Tags: |
Add Tag
No Tags, Be the first to tag this record!
|
| Institutions: | Trung tâm Học liệu Trường Đại học Cần Thơ |
|---|
| LEADER | 00940nam a2200217Ia 4500 | ||
|---|---|---|---|
| 001 | CTU_135174 | ||
| 008 | 210402s9999 xx 000 0 und d | ||
| 020 | |c 115000 | ||
| 082 | |a 371.10092 | ||
| 082 | |b Kh107 | ||
| 100 | |a Vũ, Ngọc Khánh | ||
| 245 | 0 | |a Thầy giáo Việt Nam 10 thế kỷ | |
| 245 | 0 | |c Vũ Ngọc Khánh | |
| 260 | |a Hà Nội | ||
| 260 | |b Văn hóa Thông tin | ||
| 260 | |c 2007 | ||
| 520 | |a Nội dung tài liệu trình bày về tiểu sử của những người thầy, nội dung được chia theo thời gian thành 2 phần: những người thầy từ thế kỷ 19 trở về trước và các thầy từ cuối thế kỷ 19 đến đầu thế kỷ 20 | ||
| 650 | |a Teachers,Giáo viên | ||
| 650 | |z Vietnam,Việt Nam | ||
| 904 | |i Duy Bằng | ||
| 980 | |a Trung tâm Học liệu Trường Đại học Cần Thơ | ||